000 00324nam a2200133Ia 4500
100 _aChandrakant Boit
650 _aGeneral
942 _cBK
654 _aNavudyogjagansadi Ubyukt Saskya yogna
245 _aNavudyogjagansadi Ubyukt Saskya yogna
260 _bPriya Prakashan
_aThane
300 _a50
546 _aMARATHI
999 _c31137
_d31137